000 00489nam a2200133 a 4500
008 120416s1971 ||||||||||||||||| || u
050 _aHT 371 Rog
100 _aRogers, Andrei
245 1 0 _aMatrix methods in urban and regional analysis
260 _aSan Francisco
_bHolden-Day
_c1971
300 _axiii, 508p. : ill.
350 _a0.00
995 _D0.00
_FCBU-MAIN LIBRARY (Kitwe)
_H1
_I0.00
_UAVAILABLE
_ZAnnex Low-Usage Collection
999 _c50761
_d50761